MDQL
is popping MORE tags! Check the
thread
!
Quizzes
Events
Quiz Creation
Community
Videos
Private Events
Remove Ads
Sign In
Join for FREE
Feedback
Dark Mode
Quiz Categories
Sports
Geography
Music
Movies
Television
Just For Fun
Miscellaneous
History
Literature
Language
Science
Gaming
Entertainment
Religion
Holiday
For Kids
Quiz Lab
Recent
Popular Today
Quiz Kudos Today
Editor Picks
Curator Picks
Quizzes by...
Day
Popularity
Type
Ratings
Length
Year
Community
Subscriptions
Recent Discussions
Orange Saloon
Badges
Playlists
Quests
Create
Leaderboards
Showdown
Live 5
Trivia Bingo
Activity
Puzzle Library
Sporcle Events
Private Events
Virtual Trivia
Globe League
Become a Host
Pub Owners
SporcleCon
Opinionation
Our Games
Videos
Blog
Mobile Apps
Partnerships
Remove Ads and Go Orange
Feedback
Sports
Athletes
MLB
NBA
NHL
NFL
Soccer
Sports Teams
WWE
NCAA
Football
Premier League
Basketball
Baseball
Hockey
Golf
Tennis
Cricket
Rugby
Auto Racing
Olympics
World Cup
Sports
Athletes
MLB
NBA
NHL
NFL
Soccer
Sports Teams
WWE
NCAA
Football
Premier League
Basketball
Baseball
Hockey
Golf
Tennis
Cricket
Rugby
Auto Racing
Olympics
World Cup
Random Quiz
Search Sporcle
×
Quiz Lab
Quiz Lab
Sports
NCAA
Type in answers that appear in a list
Type in answers that appear in a list
Classic
Best Score? Go Orange.
2015 NCAA Football Stat Leaders Stats
Can you name the top 10 2015 NCAA Football leaders for each stat?
By
MikeEagles11
5m
60 Questions
215 Plays
215 Plays
215 Plays
Comments
Comments
Give Quiz Kudos
Give Quiz Kudos
-
- Ratings
hide this ad
More Info
Replay
Link that replays current quiz
Next Quiz
Link to next quiz in quiz playlist
You Got
0%
They Got
Avg Score
38%
Avg Friend Score
Upgrade to see
Score Distribution
Jump to the score distribution portion of the page
Score
0/60
Timer
05:00
0
Plays Today
Stat
Player
% Correct
Rushing
Derrick Henry
92.1%
Rushing
Leonard Fournette
86.5%
Rushing
Ezekiel Elliott
80.9%
Top 10 Defenses
Alabama Crimson Tide
79.1%
Top 10 Offenses
Oklahoma Sooners
78.6%
Top 10 Defenses
Ohio State Buckeyes
78.1%
Top 10 Offenses
Baylor Bears
74.9%
Passing
Jared Goff
73%
Rushing
Dalvin Cook
69.8%
Top 10 Offenses
TCU Horned Frogs
67.4%
Top 10 Offenses
Texas Tech Red Raiders
66.5%
Top 10 Defenses
Florida Gators
65.6%
Rushing
Christian McCaffrey
65.1%
Top 10 Offenses
Oregon Ducks
64.2%
Top 10 Defenses
Wisconsin Badgers
60.5%
Passing
Chad Kelly
56.3%
Passing
Patrick Mahomes
54.4%
Top 10 Defenses
Florida State Seminoles
53.5%
Receiving
Corey Coleman
51.6%
Receiving
Josh Doctson
48.8%
Top 10 Offenses
Houston Cougars
48.8%
Top 10 Defenses
Georgia Bulldogs
46%
Passing
Matt Johnson
45.1%
Top 10 Offenses
Bowling Green Falcons
44.7%
Passing
Luke Falk
41.9%
Rushing
Royce Freeman
41.9%
Sacks
DeForest Buckner
41.9%
Top 10 Offenses
Memphis Tigers
40.9%
Receiving
Corey Davis
39.5%
Top 10 Defenses
Northwestern Wildcats
37.7%
Stat
Player
% Correct
Sacks
Myles Garrett
35.3%
Receiving
Keyarris Garrett
34.9%
Top 10 Offenses
Western Kentucky Hilltoppers
34.9%
Receiving
JuJu Smith-Schuster
29.8%
Passing
Brandon Doughty
28.4%
Top 10 Defenses
Missouri Tigers
27.9%
Top 10 Offenses
Southern Miss Golden Eagles
24.7%
Top 10 Defenses
Boston College Eagles
23.7%
Sacks
Carl Nassib
21.4%
Rushing
Brian Hill
16.7%
Receiving
Richie James
16.7%
Receiving
Tajae Sharpe
16.7%
Passing
Nick Mullens
15.8%
Receiving
Roger Lewis
15.3%
Passing
Cooper Rush
14.9%
Sacks
Emmanuel Ogbah
14.9%
Top 10 Defenses
San Diego State Aztecs
14.4%
Sacks
Jatavis Brown
13.5%
Passing
Dane Evans
12.6%
Rushing
Tyler Ervin
12.1%
Rushing
Lary Rose III
11.2%
Sacks
Mike Rose
11.2%
Passing
Nick Arbuckle
9.8%
Rushing
Matt Breida
9.8%
Receiving
Daniel Braverman
7.4%
Receiving
Thomas Sperbeck
6.5%
Sacks
Bronson Kaufusi
5.1%
Sacks
Yannick Ngakoue
3.7%
Sacks
Ejuan Price
3.7%
Sacks
Trey Hendrickson
3.3%
Quiz Playlist
Details
Report
Send in Message
Add To Playlist
More Info:
^ denotes a tie between multiple players. Total points per game are used for team categories.
Classic:
Type in answers that appear in a list
Quiz Source
Last Updated: Feb 16, 2017
Quiz Scoreboard
CHALLENGE
Sign Up to Join the Scoreboard
Show All
Scores
Hide
Comments
May contain spoilers
Recently Published
Two Season TV Shows II
by 123Four
Television
10m
Image Sorting: Flags VI
by Barbecue
Geography
2m
Find the 'City' Movie
by crazypaving
Movies
60s
More to Explore
Quiz From the Vault
Featured Blog Post
14 Easter Pick-up Lines to Find Eggs With
hide this ad
You Might Also Like...
Tags
Football Quiz
NCAA Quiz
2015
Leading Rushers
NCAA Football
NCAA Sports
stat
Stats Leaders
Today's Top Quizzes in Sports
Browse Sports
hide this ad
Today's Top Quizzes in NCAA
Browse NCAA
Top Contributed Quizzes in Sports
1
Les meilleurs buteurs des matchs entre le PSG et l’OM
2
Les entraîneurs de l'OM et du PSG au 21e siècle
3
2022 World Cup Stars
4
Les joueurs passés par le PSG et l'OM
5
Players with Multiple 50 Home Run Seasons
6
FIFA Club World Cup Champions
7
Criteria MLB: Left Handed Sluggers
8
Les joueurs passés par le LOSC et le RC Lens
9
Top 10 NHL Goal Scorers of All Time
10
MLB Players with Two .350 Batting Average Seasons
Explore More
Trending Topics
Anime
Crossword
Harry Potter
Kpop
Marvel
NBA
Disney
The Office
Song
Country
WWE
Pokémon
Soccer
NFL
Puzzle
hide this ad
More By:
MikeEagles11
Quiz
Plays
Rating
Category
Featured
Created
2016 MLB Projected Starters
1,223
4.67
Sports
Mar 31, 2016
NFL Leaders (1995-2014)- Offense
888
5.00
Sports
Jul 8, 2015
NHL- Last 10 30 Goal Scorers Per Team
426
4.33
Sports
Oct 7, 2015
NHL Top 10 Yearly Playoff Points Since 2000
413
5.00
Sports
Jun 18, 2015
MLB 2015 Team Rotations (Pre-Allstar)
330
5.00
Sports
Jul 10, 2015
Go to Creator's Profile
Score Distribution
Quiz Creator Spotlight
MikeEagles11
Follow
Send a Message
Quizzes Created
-
Created Quiz Play Count
-
More By This Creator
Popular Quizzes Today
1
Find the US States - No Outlines Minefield
2
Colored Red Africa Blitz
3
Find the 'City' Movie
4
5x2 Blitz: Bands
5
The Countries of the World
6
Find the Countries of Europe - No Outlines Minefield
7
Find the US States
8
US States
More Sports Quizzes
World Cup 2014 Geography
Published
Trending Quizzes
Colored Red Europe Blitz I
Colored Red Africa Blitz II
Colored Red Europe Blitz II
Colored Red Africa Blitz III
Colored Red Europe Blitz III
Recently Updated
How Do You Spell That?
pecheneg
Godzilla Movies
pecheneg
Grab Bag: 4-10 Letters
pecheneg
2024 March Madness Bracket
pecheneg
Famous TV Couples
Peacemaker
Champions League XIs: Real Madrid
pecheneg
Largest US Cities 1790-2010
pecheneg
Rides in Walt Disney World
pecheneg
Most Oscar Losses (Acting)
pecheneg
Beyoncé Albums
pecheneg
Trending Topics
Marvel
Kpop
Anime
NBA
Crossword
Disney
Harry Potter
Soccer
NFL
Puzzle
The Office
Country
Song
WWE
Pokémon
Your Account Isn't Verified!
In order to create a playlist on Sporcle, you need to verify the email address you used during registration. Go to your
Sporcle Settings
to finish the process.
Report this User
Report this user for behavior that violates our
Community Guidelines
.
Details:
Send Report
Go to the Sporcle.com Mobile Site →
Comments